Καινοτομία και επιχειρηματικότητα στην Βόρεια Ελλάδα : φορείς έρευνας και τεχνολογίας και η σύνδεση τους με την παραγωγή : μελέτη περίπτωσης της θερμοκοιτίδας επιχειρήσεων του τεχνολογικού πάρκου της Θέρμης Θεσσαλονίκης : μεταπτυχιακή διατριβή
Αποθηκεύτηκε σε:
| Κύριος συγγραφέας: | |
|---|---|
| Συγγραφή απο Οργανισμό/Αρχή: | |
| Άλλοι συγγραφείς: | |
| Μορφή: | Thesis Βιβλίο |
| Γλώσσα: | Greek |
| Δημοσίευση: |
Μυτιλήνη :
Πανεπιστήμιο Αιγαίου, Σχολή Κοινωνικών Επιστημών, Τμήμα Γεωγραφίας,
2005
|
| Θέματα: | |
| Ετικέτες: |
Προσθήκη ετικέτας
Δεν υπάρχουν, Καταχωρήστε ετικέτα πρώτοι!
|
MARC
| LEADER | 00000cam a2200000 i 4500 | ||
|---|---|---|---|
| 001 | 1/29270 | ||
| 008 | 060512s2005 gre d | ||
| 035 | |l 10083857 | ||
| 040 | |a GR-MY-UA |b gre |e aacr | ||
| 041 | 0 | |a gre | |
| 082 | 0 | |a 338.4 |2 (22) | |
| 100 | 1 | |a Υψηλάντης, Ηλίας. | |
| 245 | 1 | 0 | |a Καινοτομία και επιχειρηματικότητα στην Βόρεια Ελλάδα : |b φορείς έρευνας και τεχνολογίας και η σύνδεση τους με την παραγωγή : μελέτη περίπτωσης της θερμοκοιτίδας επιχειρήσεων του τεχνολογικού πάρκου της Θέρμης Θεσσαλονίκης : μεταπτυχιακή διατριβή / |c Υψηλάντης Ηλίας ; υπεύθυνη καθηγήτρια Τερκενλή Θεανώ |
| 260 | |a Μυτιλήνη : |b Πανεπιστήμιο Αιγαίου, Σχολή Κοινωνικών Επιστημών, Τμήμα Γεωγραφίας, |c 2005 | ||
| 300 | |a 85 σ.; |b πιν.; |c 30 εκ. | ||
| 500 | |a Μέλη εξεταστικής επιτροπής: Ιωσηφίδης Θεόδωρος, Χωριανόπουλος Ιωάννης | ||
| 502 | # | # | |a Διατριβή (μεταπτυχιακή) – Πανεπιστήμιο Αιγαίου, Λέσβος, 2004. |
| 504 | |a Βιβλιογραφία: σ. 84-85 | ||
| 650 | 0 | 0 | |a Industrialization |x Effect of technological innovations on. |
| 650 | 0 | 0 | |a Economic development |x Effect of technological innovations on. |
| 650 | 0 | 0 | |a Research parks |z Greece |z Thessalonike. |
| 650 | 0 | 0 | |a Information technology parks. |
| 650 | 0 | 0 | |a Dissertations, Academic |z Greece. |
| 700 | 1 | |4 ths |a Τερκενλή, Θεανώ Σ. | |
| 710 | 2 | |a Πανεπιστήμιο Αιγαίου |b Σχολή Κοινωνικών Επιστημών |b Τμήμα Γεωγραφίας |b Μεταπτυχιακό Πρόγραμμα Σπουδών Γεωγραφία και Σχεδιασμός στην Ευρώπη και τη Μεσόγειο. | |
| 852 | |a INST |b LESVOS |c DIATR |e 20060512 |h 19 |p 005100035354 |q 005100035354 |t MTXE |y 23 | ||
| 852 | |a INST |b LESVOS |c DIATR |e 20060512 |h 20 |p 005100035339 |q 005100035339 |t MTXE |y 23 | ||
| 901 | |a BIBL1-2006-2 | ||
| 909 | |a Λ |b 126313 | ||
| 909 | |a Λ |b 126314 | ||
| 924 | |a ΥΨΗΛΑΝΤΗΣ |b ΗΛΙΑΣ |y ΛΕΣΒΟΣ |z 2006-05 | ||
| 970 | |a ΜΑΡΙΝΑΤΟΥ |b ΜΥΡΣΙΝΗ |z 2006/05/12 | ||